Critical Thinking Skills : (Record no. 14881)
[ view plain ]
| 000 -LEADER | |
|---|---|
| fixed length control field | 02120cam a22003854a 4500 |
| 001 - CONTROL NUMBER | |
| control field | 14018014 |
| 005 - DATE AND TIME OF LATEST TRANSACTION | |
| control field | 20101103092602.0 |
| 008 - FIXED-LENGTH DATA ELEMENTS--GENERAL INFORMATION | |
| fixed length control field | 050628s2005 nyua b 001 0 eng |
| 010 ## - LIBRARY OF CONGRESS CONTROL NUMBER | |
| LC control number | 2005051171 |
| 020 ## - INTERNATIONAL STANDARD BOOK NUMBER | |
| International Standard Book Number | 1403996857 |
| 020 ## - INTERNATIONAL STANDARD BOOK NUMBER | |
| International Standard Book Number | 9781403996855 (pbk.) |
| 035 ## - SYSTEM CONTROL NUMBER | |
| System control number | (OCoLC)ocm60320517 |
| 040 ## - CATALOGING SOURCE | |
| Original cataloging agency | DLC |
| Transcribing agency | DLC |
| Modifying agency | UKM |
| -- | BAKER |
| -- | C#P |
| -- | NLGGC |
| -- | CRH |
| -- | MUQ |
| -- | BTCTA |
| -- | YDXCP |
| -- | KAAUA |
| -- | DLC |
| 042 ## - AUTHENTICATION CODE | |
| Authentication code | pcc |
| 050 00 - LIBRARY OF CONGRESS CALL NUMBER | |
| Classification number | BF441 |
| Item number | .C68 2005 |
| 082 00 - DEWEY DECIMAL CLASSIFICATION NUMBER | |
| Classification number | 160 |
| Edition number | 22 |
| Item number | COR |
| 100 1# - MAIN ENTRY--PERSONAL NAME | |
| Personal name | Cottrell, Stella. |
| 9 (RLIN) | 21699 |
| 245 10 - TITLE STATEMENT | |
| Title | Critical Thinking Skills : |
| Remainder of title | Developing Effective Analysis and Argument / |
| Statement of responsibility, etc | Stella Cottrell. |
| 260 ## - PUBLICATION, DISTRIBUTION, ETC. (IMPRINT) | |
| Place of publication, distribution, etc | New York : |
| Name of publisher, distributor, etc | Palgrave Macmillan, 2005 |
| Date of publication, distribution, etc | 2005. |
| 300 ## - PHYSICAL DESCRIPTION | |
| Extent | xiv, 250 p. : |
| Other physical details | ill. ; |
| Dimensions | 25 cm. |
| 490 ## - Series Statement | |
| -- | 20971 |
| Series statement | Palgrave study guides |
| 504 ## - BIBLIOGRAPHY, ETC. NOTE | |
| Bibliography, etc | Includes bibliographical references (p. 246-247) and index. |
| 541 ## - IMMEDIATE SOURCE OF ACQUISITION NOTE | |
| Source of acquisition | Mrs. Sue Dodd ; |
| 650 #0 - SUBJECT ADDED ENTRY--TOPICAL TERM | |
| Topical term or geographic name as entry element | Critical thinking. |
| 9 (RLIN) | 21700 |
| 856 42 - ELECTRONIC LOCATION AND ACCESS | |
| Materials specified | Contributor biographical information |
| Uniform Resource Identifier | <a href="http://www.loc.gov/catdir/enhancements/fy1101/2005051171-b.html">http://www.loc.gov/catdir/enhancements/fy1101/2005051171-b.html</a> |
| 856 42 - ELECTRONIC LOCATION AND ACCESS | |
| Materials specified | Publisher description |
| Uniform Resource Identifier | <a href="http://www.loc.gov/catdir/enhancements/fy1101/2005051171-d.html">http://www.loc.gov/catdir/enhancements/fy1101/2005051171-d.html</a> |
| 856 41 - ELECTRONIC LOCATION AND ACCESS | |
| Materials specified | Table of contents only |
| Uniform Resource Identifier | <a href="http://www.loc.gov/catdir/enhancements/fy1101/2005051171-t.html">http://www.loc.gov/catdir/enhancements/fy1101/2005051171-t.html</a> |
| 942 ## - ADDED ENTRY ELEMENTS (KOHA) | |
| Source of classification or shelving scheme | Dewey Decimal Classification |
| Item type | Book - Borrowing |
| Withdrawn status | Item status | Source of classification or shelving scheme | Damaged status | Not for loan | Vendor | Home library | Current library | Shelving location | Date acquired | Source of acquisition | Total Checkouts | Total Renewals | Full call number | Barcode | Date last seen | Date last borrowed | Koha item type | Checked out |
|---|---|---|---|---|---|---|---|---|---|---|---|---|---|---|---|---|---|---|
| Dewey Decimal Classification | Central Library | Central Library | Lower Floor | 03/01/2011 | Donation | 6 | 8 | 160 COR | 000022712 | 15/07/2025 | 11/12/2022 | Book - Borrowing | ||||||
| Dewey Decimal Classification | Baccah | Central Library | Central Library | Lower Floor | 09/10/2011 | 6 | 30 | 160 COR | 000025220 | 15/07/2025 | 16/12/2023 | Book - Borrowing | ||||||
| Dewey Decimal Classification | Baccah | Central Library | Central Library | Lower Floor | 09/10/2011 | 4 | 5 | 160 COR | 000025219 | 29/03/2015 | 29/03/2015 | Book - Borrowing | 07/06/2015 | |||||
| Dewey Decimal Classification | Baccah | Central Library | Central Library | Lower Floor | 09/10/2011 | 5 | 1 | 160 COR | 000025226 | 15/07/2025 | 25/10/2020 | Book - Borrowing | ||||||
| Dewey Decimal Classification | Baccah | Central Library | Central Library | Lower Floor | 09/10/2011 | 10 | 46 | 160 COR | 000025227 | 15/07/2025 | 16/11/2015 | Book - Borrowing |